Les pays les plus proches du Portugal - Statistiques

Statistiques générales
  • Ce quiz a été pris 656 fois
  • Le résultat moyen est 5 sur 6
Statistiques - réponses
Distance (en km) pays % Correct
0 Espagne
100%
1081 France
99%
876 Maroc
96%
1028 Algérie
94%
271 Andorre
80%
1647 Tunisie
78%
Aucun quiz correspondant
Distribution des résultats
% des personnes avec chaque résultat
Percentile par nombre de réponses
Votre historique - résultats
Vous n’avez pas pris ce quiz